书目信息 |
| 题名: |
图解《建筑防火通用规范》GB 55037—2022
|
|
| 作者: | 杨姗姗 , 刘霞 , 杨秀香 编著 | |
| 分册: | ||
| 出版信息: | 北京 中国建筑工业出版社 2024.08 |
|
| 页数: | 211页 | |
| 开本: | 21cm | |
| 丛书名: | 全文强制性标准图解丛书 | |
| 单 册: | ||
| 中图分类: | TU892-65 | |
| 科图分类: | ||
| 主题词: | 建筑设计--jian zhu she ji--防火--建筑规范--中国--图解 | |
| 电子资源: | ||
| ISBN: | 978-7-112-29827-3 | |
| 000 | 01452nam 2200301 450 | |
| 001 | 94185 | |
| 005 | 20250820085112.39 | |
| 010 | @a978-7-112-29827-3@dCNY75.00 | |
| 100 | @a20241101d2024 em y0chiy50 ea | |
| 101 | 0 | @achi |
| 102 | @aCN@b110000 | |
| 105 | @aa a 000yy | |
| 106 | @ar | |
| 200 | 1 | @a图解《建筑防火通用规范》GB 55037—2022@Atu jie 《 jian zhu fang huo tong yong gui fan 》GB 55037—2022@f杨姗姗, 刘霞, 杨秀香编著 |
| 210 | @a北京@c中国建筑工业出版社@d2024.08 | |
| 215 | @a211页@c彩图@d21cm | |
| 225 | 2 | @a全文强制性标准图解丛书@Aquan wen qiang zhi xing biao zhun tu jie cong shu |
| 320 | @a有书目 | |
| 330 | @a本书通过三维立体图、现场照片等逐条解读《建筑防火通用规范》GB55037-2022。本书结合现场施工图实例, 以“图中说明框、要点索引”等形式, 对标准的重点、难点在图旁作醒目的引注, 方便读者识读与联想, 并配以立体图进行提示。本书自始至终以三维立体图为例来讲解标准。本书在编写过程中, 得到许多老建筑设计工作者的帮助和指导, 还有一些富有钻研精神的年轻工程师, 提供了他们的实际工作经验。 | |
| 410 | 0 | @12001 @a全文强制性标准图解丛书 |
| 517 | 1 | @a《建筑防火通用规范》GB 55037—2022@A《 jian zhu fang huo tong yong gui fan 》GB 55037—2022 |
| 606 | 0 | @a建筑设计@Ajian zhu she ji@x防火@x建筑规范@y中国@j图解 |
| 690 | @aTU892-65@v5 | |
| 701 | 0 | @a杨姗姗@Ayang shan shan@4编著 |
| 701 | 0 | @a刘霞@Aliu xia@4编著 |
| 701 | 0 | @a杨秀香@Ayang xiu xiang@4编著 |
| 801 | 0 | @aCN@c20250909 |
| 905 | @a河南城建学院图书馆@dTU892-65@eY260@f1 | |
| 图解《建筑防火通用规范》GB 55037—2022/杨姗姗, 刘霞, 杨秀香编著.-北京:中国建筑工业出版社,2024.08 |
| 211页:彩图;21cm.-(全文强制性标准图解丛书) |
| ISBN 978-7-112-29827-3:CNY75.00 |
| 本书通过三维立体图、现场照片等逐条解读《建筑防火通用规范》GB55037-2022。本书结合现场施工图实例, 以“图中说明框、要点索引”等形式, 对标准的重点、难点在图旁作醒目的引注, 方便读者识读与联想, 并配以立体图进行提示。本书自始至终以三维立体图为例来讲解标准。本书在编写过程中, 得到许多老建筑设计工作者的帮助和指导, 还有一些富有钻研精神的年轻工程师, 提供了他们的实际工作经验。 |
| ● |
| 相关链接 |
|
|
|
正题名:图解《建筑防火通用规范》GB 55037—2022
索取号:TU892-65/Y260
 
预约/预借
| 序号 | 登录号 | 条形码 | 馆藏地/架位号 | 状态 | 备注 |
| 1 | 1628111 | 216281119 | 建筑库201/201建筑库 56排2列4层/ [索取号:TU892-65/Y260] | 在馆 |